Online
Catalog

Francesc Valls : (Record no. 39362)

MARC details
000 -CABECERA
campo de control de longitud fija 00877nam a2200217 a 4500
001 - NÚMERO DE CONTROL
campo de control 000039872
005 - FECHA Y HORA DE LA ÚLTIMA TRANSACCIÓN
campo de control 20201002033801.0
008 - DATOS DE LONGITUD FIJA--INFORMACIÓN GENERAL
campo de control de longitud fija 130725s2002 sp 000 0 spa d
020 ## - NÚMERO INTERNACIONAL ESTÁNDAR DEL LIBRO
Número Internacional Estándar del Libro 8400080688
040 ## - FUENTE DE LA CATALOGACIÓN
Centro catalogador/agencia de origen DO-SdBNP
Lengua de catalogación spa
Centro/agencia transcriptor BNPHU
100 1# - ENTRADA PRINCIPAL--NOMBRE DE PERSONA
Nombre de persona Valls, Francisco
9 (RLIN) 66080
245 10 - MENCIÓN DE TÍTULO
Título Francesc Valls :
Resto del título Mapa armónico práctico (1742a) / Josep Pavia Simó, ed. ; colaboran: José V. González Valle ... [et al.].
260 ## - PUBLICACIÓN, DISTRIBUCIÓN, ETC.
Lugar de publicación, distribución, etc. Barcelona :
Nombre del editor, distribuidor, etc. Institución Milá y Fontanals,
Fecha de publicación, distribución, etc. 2002.
300 ## - DESCRIPCIÓN FÍSICA
Extensión 535 p. : ;
Dimensiones 28 cm.
490 1# - MENCIÓN DE SERIE
Mención de serie Textos universitarios
Designación de volumen o secuencia 37
500 ## - NOTA GENERAL
Nota general Ed. facsímilar del ejemplar manuscrito conservado en la Biblioteca de la Universidad de Barcelona (manuscrito 783)
700 1# - PUNTO DE ACCESO ADICIONAL--NOMBRE DE PERSONA
Nombre de persona Pavia i Simó, Josep,
Término indicativo de función/relación ed.
9 (RLIN) 66081
700 1# - PUNTO DE ACCESO ADICIONAL--NOMBRE DE PERSONA
Nombre de persona González Valle, José
9 (RLIN) 66082
740 1# - PUNTO DE ACCESO ADICIONAL--TÍTULO RELACIONADO O ANALÍTICO NO CONTROLADO
Título relacionado o analítico no controlado Mapa armónico práctico (1742a)
830 #0 - PUNTO DE ACCESO ADICIONAL DE SERIE-TÍTULO UNIFORME
Título uniforme Textos universitarios
Designación de volumen o secuencia 37
9 (RLIN) 1147
Holdings
Estado de retiro Estado de pérdida Restricciones de uso No para préstamo Código de colección Localización permanente Ubicación/localización actual Ubicación en estantería Fecha de adquisición Número de inventario Total de préstamos Signatura topográfica completa Código de barras Fecha visto por última vez Precio válido a partir de Tipo de ítem Koha
      Excluido de préstamo Monografías: Libros y Folletos General General En catalogación 25.07.2013 LF1   39872-10 25.06.2020 25.06.2020 No se presta

Powered by Koha